Stolice Świata bez litery E - Statystyki

Ogólne statystyki
  • Ten quiz został rozwiązany 416 razy
  • Średni wynik to 56 z 126
Statystyki odpowiedzi
Stolica % Poprawnych
Warszawa
95%
Paryż
87%
Moskwa
85%
Oslo
85%
Madryt
84%
Londyn
83%
Waszyngton, D.C.
82%
Kijów
81%
Lizbona
79%
Sztokholm
79%
Praga
78%
Ryga
77%
Tokio
77%
Rzym
75%
Wilno
75%
Dublin
74%
Mińsk
74%
Tallinn
74%
Ottawa
72%
Brasília
71%
Bratysława
71%
Kair
71%
Watykan
71%
Andora
66%
San Marino
66%
Ankara
65%
Sofia
61%
Lima
59%
Lublana
59%
Vaduz
59%
Bogota
58%
Tunis
58%
Monako
57%
Nursułtan
57%
Kiszyniów
56%
Baku
55%
Dżakarta
54%
Tirana
53%
Prisztina
52%
Rabat
52%
Santiago
52%
Bangkok
51%
Hawana
51%
Podgorica
51%
Tbilisi
51%
Ułan Bator
51%
Caracas
50%
Trypolis
50%
Abu Zabi
49%
Bagdad
49%
Nikozja
49%
Islamabad
47%
Pjongjang
47%
Panama
46%
Ad-Dauha
45%
Hanoi
45%
Nairobi
45%
Quito
45%
Rijad
45%
Dakar
44%
Antananarywa
43%
Manila
42%
Kabul
41%
Chartum
40%
Dhaka
40%
La Paz
39%
Abudża
38%
Kapsztad
38%
Sana
38%
Amman
37%
Dżibuti
37%
Kingston
37%
Kingstown
37%
Kinszasa
37%
Kuala Lumpur
37%
Akra
36%
Katmandu
35%
Luanda
35%
Singapur
35%
Manama
34%
Mogadiszu
34%
Asunción
33%
Aszchabad
32%
San Salvador
32%
Bandżul
30%
Dili
30%
Suva
30%
Dodoma
29%
Lusaka
29%
Maputo
29%
Maskat
29%
Bissau
28%
Paramaribo
28%
Santo Domingo
28%
Asmara
27%
Bamako
27%
Nassau
27%
Port-of-Spain
27%
Wagadugu
27%
Apia
26%
Dżuba
26%
Managua
26%
Porto-Novo
26%
Kampala
25%
Kigali
25%
Konakry
25%
Port Louis
24%
Moroni
23%
Nawakszut
23%
Thimphu
23%
Jamusukro
22%
Majuro
22%
Malabo
21%
Port Vila
21%
Praia
21%
Bangi
20%
Honiara
20%
Monrovia
20%
Palikir
20%
Saint John’s
20%
Tarawa
20%
Victoria
20%
Windhuk
20%
Funafuti
17%
Naypyidaw
16%
Nuku'alofa
13%
Nie znaleziono quizów pasujących do podanych kryteriów
Rozkład punktacji
Procent ludzi z każdym wynikiem
Percentyl według liczby udzielonych odpowiedzi
Twoja historia wyników
Nie rozwiązałeś tego quizu